Les chanteurs préférés des français - Statistiques

Statistiques générales
  • Ce quiz a été pris 1 404 fois
  • Le résultat moyen est 4 sur 15
Statistiques - réponses
Classement Artiste % Correct
1 Jean-Jacques Goldman
58%
7 Céline Dion
40%
11 Patrick Bruel
40%
3 Florent Pagny
37%
12 Vianney
35%
6 Soprano
33%
13 David Guetta
30%
4 Francis Cabrel
24%
14 Pascal Obispo
24%
2 Indochine
20%
9 Renaud
20%
5 Stromae
20%
8 Mylène Farmer
16%
15 Eddy Mitchell
5%
10 Grand Corps Malade
3%
Aucun quiz correspondant
Distribution des résultats
% des personnes avec chaque résultat
Percentile par nombre de réponses
Votre historique - résultats
Vous n’avez pas pris ce quiz